01672nam a2200397 a 4500001001100000003000800011006001900019007001500038008004100053010001700094020003500111040002100146035002000167050002200187082002000209100001700229245012500246246002200371260006100393300003100454500008100485504006400566533015200630650003800782650003900820650004200859650003100901651002300932651002700955655002900982700003301011700007301044710001701117856012501134999001501259ebr5006907CaPaEBRm u cr cn|||||||||970616s1997 txuab sb s001 0 eng  z 97023491  z1574410350 (pbk. : alk. paper) aCaPaEBRcCaPaEBR a(OCoLC)7076541514aF387b.A86 1997eb04a917.6404/632211 aAston, B. W.10aAlong the Texas forts trailh[electronic resource] /cB.W. Aston and Donathan Taylor ; illustrations by Donathan Taylor.30aTexas forts trail aDenton, Tex. :bUniversity of North Texas Press,cc1997. axiv, 165 p. :bill., maps. aRevised edition of: Along Texas old forts trail / Ira Donathon Taylor. 1990. aIncludes bibliographical references (p. 155-156) and index. aElectronic reproduction.bPalo Alto, Calif. :cebrary,d2013.nAvailable via World Wide Web.nAccess may be limited to ebrary affiliated libraries. 0aFortificationzTexasvGuidebooks. 0aHistoric siteszTexasvGuidebooks. 0aAutomobile travelzTexasvGuidebooks. 0aTrailszTexasvGuidebooks. 0aTexasvGuidebooks. 0aTexasxHistory, Local. 7aElectronic books.2local1 aTaylor, Ira Donathan,d1962-1 aRichardson, Rupert Norval,d1891-1988.tAlong Texas old forts trail.2 aebrary, Inc.40uhttp://site.ebrary.com/lib/rucke/Doc?id=5006907zAn electronic book accessible through the World Wide Web; click to view c6240d6240